<?xml version="1.0" encoding="UTF-8"?>
<record
    xmlns:xsi="http://www.w3.org/2001/XMLSchema-instance"
    xsi:schemaLocation="http://www.loc.gov/MARC21/slim http://www.loc.gov/standards/marcxml/schema/MARC21slim.xsd"
    xmlns="http://www.loc.gov/MARC21/slim">

  <leader>01952nmm a22004217a 4500</leader>
  <controlfield tag="005">20131127110843.0</controlfield>
  <controlfield tag="008">131127b2012    ck ||||| |||| 00| 0 spa d</controlfield>
  <datafield tag="041" ind1=" " ind2=" ">
    <subfield code="a">spa</subfield>
  </datafield>
  <datafield tag="044" ind1=" " ind2=" ">
    <subfield code="a">ck</subfield>
  </datafield>
  <datafield tag="090" ind1=" " ind2=" ">
    <subfield code="a">LB</subfield>
    <subfield code="b">05785</subfield>
  </datafield>
  <datafield tag="110" ind1=" " ind2=" ">
    <subfield code="a">Corporaci&#xF3;n aut&#xF3;noma regional de Cundinamarca-CAR</subfield>
    <subfield code="9">2424</subfield>
  </datafield>
  <datafield tag="245" ind1=" " ind2=" ">
    <subfield code="a">Capacitaciones 2011-2012 :</subfield>
    <subfield code="b">Oficina Gesti&#xF3;n de Talento Humano</subfield>
  </datafield>
  <datafield tag="260" ind1=" " ind2=" ">
    <subfield code="a">Bogot&#xE1;</subfield>
    <subfield code="b">CAR</subfield>
    <subfield code="b">Universidad Distrital Francisco Jos&#xE9; de Caldas</subfield>
    <subfield code="c">2012</subfield>
  </datafield>
  <datafield tag="300" ind1=" " ind2=" ">
    <subfield code="a">21 p.,</subfield>
    <subfield code="c">13 cm</subfield>
  </datafield>
  <datafield tag="650" ind1=" " ind2=" ">
    <subfield code="a">Administraci&#xF3;n adecuada del tiempo </subfield>
    <subfield code="9">3000</subfield>
  </datafield>
  <datafield tag="650" ind1=" " ind2=" ">
    <subfield code="a">Metodolog&#xED;a para la ejecuci&#xF3;n de visitas</subfield>
    <subfield code="9">3001</subfield>
  </datafield>
  <datafield tag="650" ind1=" " ind2=" ">
    <subfield code="a">Manejo de excel avanzado</subfield>
    <subfield code="9">3002</subfield>
  </datafield>
  <datafield tag="650" ind1=" " ind2=" ">
    <subfield code="a">Programa en coaching</subfield>
    <subfield code="9">3003</subfield>
  </datafield>
  <datafield tag="650" ind1=" " ind2=" ">
    <subfield code="a">Atenci&#xF3;n al usuario y manejo de conflictos </subfield>
    <subfield code="9">3004</subfield>
  </datafield>
  <datafield tag="650" ind1=" " ind2=" ">
    <subfield code="a">Diplomado derecho ambiental y minero :</subfield>
    <subfield code="v">Ayudas Audiovisuales</subfield>
    <subfield code="9">3005</subfield>
  </datafield>
  <datafield tag="650" ind1=" " ind2=" ">
    <subfield code="a">Memorias diplomado :</subfield>
    <subfield code="v">An&#xE1;lisis de amenazas y gesti&#xF3;n </subfield>
    <subfield code="9">3006</subfield>
  </datafield>
  <datafield tag="650" ind1=" " ind2=" ">
    <subfield code="a">Diplomado en Gesti&#xF3;n de la calidad del aire </subfield>
    <subfield code="9">3007</subfield>
  </datafield>
  <datafield tag="650" ind1=" " ind2=" ">
    <subfield code="a">Nuevo estatuto de anticorrupci&#xF3;n </subfield>
    <subfield code="9">3008</subfield>
  </datafield>
  <datafield tag="650" ind1=" " ind2=" ">
    <subfield code="a">Curso : </subfield>
    <subfield code="v">Introducci&#xF3;n a los sistemas de informaci&#xF3;n geogr&#xE1;ficas</subfield>
    <subfield code="9">3009</subfield>
  </datafield>
  <datafield tag="650" ind1=" " ind2=" ">
    <subfield code="a">Programa Balanced Score Card</subfield>
    <subfield code="9">3010</subfield>
  </datafield>
  <datafield tag="650" ind1=" " ind2=" ">
    <subfield code="a">Taxonom&#xED;a e identificaci&#xF3;n de madera</subfield>
    <subfield code="9">3011</subfield>
  </datafield>
  <datafield tag="650" ind1=" " ind2=" ">
    <subfield code="a">Valoraci&#xF3;n econ&#xF3;mica ambiental</subfield>
    <subfield code="9">3012</subfield>
  </datafield>
  <datafield tag="650" ind1=" " ind2=" ">
    <subfield code="a">Atenci&#xF3;n y prevenci&#xF3;n de desastres con &#xE9;nfasis en deslizamientos</subfield>
    <subfield code="9">3013</subfield>
  </datafield>
  <datafield tag="650" ind1=" " ind2=" ">
    <subfield code="a">Seminario Fortalecimiento, desempe&#xF1;o y habilidades gerenciales </subfield>
    <subfield code="v">CAR</subfield>
    <subfield code="9">3014</subfield>
  </datafield>
  <datafield tag="650" ind1=" " ind2=" ">
    <subfield code="a">Aval&#xFA;os especiales </subfield>
    <subfield code="v">Nivel b&#xE1;sico IGAC</subfield>
    <subfield code="9">3015</subfield>
  </datafield>
  <datafield tag="650" ind1=" " ind2=" ">
    <subfield code="a">Consolidado :</subfield>
    <subfield code="v">Memorias formulaci&#xF3;n de proyectos</subfield>
    <subfield code="9">3016</subfield>
  </datafield>
  <datafield tag="650" ind1=" " ind2=" ">
    <subfield code="a">Curso metodolog&#xED;a para la ejecuci&#xF3;n de visitas</subfield>
    <subfield code="9">3017</subfield>
  </datafield>
  <datafield tag="650" ind1=" " ind2=" ">
    <subfield code="a">Diplomado :</subfield>
    <subfield code="v">Respel CAR</subfield>
    <subfield code="9">3018</subfield>
  </datafield>
  <datafield tag="650" ind1=" " ind2=" ">
    <subfield code="a">Jornada de actualizaci&#xF3;n :</subfield>
    <subfield code="v">Contrataci&#xF3;n estatal</subfield>
    <subfield code="9">3019</subfield>
  </datafield>
  <datafield tag="650" ind1=" " ind2=" ">
    <subfield code="a">Metodolog&#xED;a general ajustada :</subfield>
    <subfield code="v">MGA</subfield>
    <subfield code="9">3020</subfield>
  </datafield>
  <datafield tag="650" ind1=" " ind2=" ">
    <subfield code="a">Participaci&#xF3;n Ciudadana y Educacion Ambiental</subfield>
    <subfield code="9">3021</subfield>
  </datafield>
  <datafield tag="942" ind1=" " ind2=" ">
    <subfield code="2">z</subfield>
    <subfield code="c">CD-ROM</subfield>
  </datafield>
  <datafield tag="999" ind1=" " ind2=" ">
    <subfield code="c">7926</subfield>
    <subfield code="d">7926</subfield>
  </datafield>
  <datafield tag="952" ind1=" " ind2=" ">
    <subfield code="0">0</subfield>
    <subfield code="1">0</subfield>
    <subfield code="2">z</subfield>
    <subfield code="4">0</subfield>
    <subfield code="7">0</subfield>
    <subfield code="8">MEDIOSM</subfield>
    <subfield code="a">Bogota</subfield>
    <subfield code="b">Bogota</subfield>
    <subfield code="d">2013-11-27</subfield>
    <subfield code="l">0</subfield>
    <subfield code="o">LB-05785</subfield>
    <subfield code="p">058706</subfield>
    <subfield code="r">2013-11-27 00:00:00</subfield>
    <subfield code="t">Ej. 1</subfield>
    <subfield code="w">2013-11-27</subfield>
    <subfield code="x">Original</subfield>
    <subfield code="y">CD-ROM</subfield>
  </datafield>
</record>
